000 00458nam a2200181Ia 4500
001 3499
005 20260306145648.0
008 260306t2002||||xx |||||||||||||| ||spa||
041 _aESP
082 _a282.098
_bM26
100 _aMarzal Fuentes, Manuel María
_eAUT
245 0 _aTierra encantada:
_btratado de antropología religiosa de América Latina
260 _c2002
300 _a
_c
650 _aGEN
654 _aCHU
942 _cLIB
_dJUS
_fJUS
_2ddc
_n
999 _c3499
_d3499